Criminalising and Prosecuting Illicit Enrichment

Bibliographic Details
Main Author: Meskele, Mesay Tsegaye
Format: eBook
Language:English
Published: Ads̕ Abeba: Lambert Academic Publishing, 2019
Subjects:
Online Access:Acceso restringido

MARC

LEADER 00000nam a22000007a 4500
005 2019091207487.0
007 cr|||| ||||
008 190912s2019 et |||||s|||| 00||0 eng d
020 |a 9783330318014 
035 |a 24985 
040 |a vLex 
090 |c 9503  |d 9503 
100 1 |a Meskele, Mesay Tsegaye 
245 1 0 |a Criminalising and Prosecuting Illicit Enrichment  |h [Recurso electrn̤ico] /  |c Mesay Tsegaye Meskele 
256 |a Servicio en ln̕ea 
260 |a Ads̕ Abeba:  |b Lambert Academic Publishing,  |c 2019 
300 |a 1 recurso electrn̤ico 
506 1 |a Disponible solo en los productos indicados  |d vLex Global  |d vLex Global (Academic Edition, excluding Law Schools)  |d vLex Global (U.S. Academic Edition, Law Schools)  |d vLex Global (U.S. Academic Edition, excluding Law Schools)  |d vLex Global (Academic Edition, Law Schools) 
650 0 4 |a Derecho Penal  |z Etiopa̕ 
740 0 |a vLex Libros (Servicio en ln̕ea) 
856 4 0 |u http://vlex.com/source/24985  |z Acceso restringido 
942 |c BOOK 
999 0 |a Criminal Law